Statistics for Rainbow 6 Esports Player Names Quiz

Click here to take the quiz!

General Stats

  • This quiz has been taken 575 times
  • The average score is 12 of 30

Answer Stats

Players' actual namesPlayers' in-game names% Correct
Jason DotyBeaulo
89%
Brandon CarrBC
75%
Emilio Leynez Cuevasgeoometrics
68%
Danil GabovJoyStiCK
68%
Luke KendrewKendrew
67%
Paul KontopanagiotisHyper
63%
Ben McMillanCTZN
61%
Julio GiacomelliJulio
56%
Javier EscamillaThinkingNade
56%
Davide BucciFoxA
55%
André Oliveiranesk
48%
Matthew StevensHotancold
46%
Lucas Zwingmannkorey
38%
Rickard OloffsonSecretly
37%
Tyler McMullinEcl9pse
36%
Keenan DunneKeenan
34%
Gabriel Hespanholcameram4n
32%
Maurice ErkelenzAceeZ
31%
Felipe De LuciaFelipoX
31%
Gabriel MirelezLaXInG
30%
Valentin Liradelforisze
29%
Lucas ReichHungry
27%
Thiago ReisxS3xyCake
25%
Santino de MeulenaereGomfi
11%
Glen SuryasaputraLunarmetal
10%
Alex NordlundSlebbeN
10%
Bryan TebessiElemjze
9%
Tsukasa AsanoMerieux
8%
Georgi StoyanovGorgoNa
6%
Hideki Nishidagatorada
4%

Score Distribution

Percentile by Number Answered

Percent of People with Each Score

Your Score History

You have not taken this quiz